Zborník sympózia o počítačovej geometrii SCG' 2014 október 2014, Bratislava : ročník 23

Bibliographic Details
Corporate Author: SCG Bratislava, Slovensko
Other Authors: Velichová, Daniela, 1951- (Editor)
Format: Conference Proceeding Book
Language:Slovak
English
Published: V Bratislave Slovenská technická univerzita Vydavateľstvo STU [2014]
Subjects:

MARC

LEADER 00000cam a2200000 a 4500
001 vtls010634209
003 SK-MaSNL
005 20260301221126.0
008 250414s2014 xo oda f n 100 0 slo
015 |a SNBA2015/03 
020 |a 9788022742566 (brož.) 
035 |a bc1f0e25-7cd2-46f6-9723-b62bce16fb37 
035 |a urn:nbn:sk:snk-amjr89 
035 |a urn:nbn:sk:snk:ar-a0cqtf 
040 |a SNK  |b slo  |c SNK  |e AACR2 
041 0 |a slo  |a eng  |b eng  |b slo 
044 |a xo  |c SK 
072 7 |a 514  |x Geometria  |2 konspekt 
080 |a 514:004  |2 2001 
080 |a 004.92  |2 2001 
080 |a (062.534)  |2 2001 
080 |a 514  |2 2001 
111 2 |a SCG  |n (23 :  |d 2014 :  |c Bratislava, Slovensko)  |9 609121 
245 0 0 |a Zborník sympózia o počítačovej geometrii SCG' 2014  |b október 2014, Bratislava : ročník 23  |c [edited by Daniela Velichová ... [et al.]] 
246 3 0 |a SCG' 2014 
246 1 4 |a Proceedings of Symposium on Computer Geometry SCG' 2014 
260 |a V Bratislave  |b Slovenská technická univerzita  |b Vydavateľstvo STU  |c [2014] 
300 |a 93 s.  |b fotogr., grafy, ilustr., sch., tab.  |c 21 cm 
504 |a Bibliogr. ; pozn. 
546 |a Čiast. text v angl. Res. angl. a slov. 
650 0 7 |a výpočtová geometria  |2 SNKPH  |9 113172 
650 0 7 |a počítačová grafika  |2 SNKPH  |9 1829 
650 0 7 |a Computational geometry  |2 SNKPHeng  |9 323818 
650 0 7 |a Computer graphics  |2 SNKPHeng  |9 268291 
650 0 7 |a geometria  |2 SNKPH  |9 829 
650 0 7 |a Geometry  |2 SNKPHeng  |9 268290 
655 7 |a zborníky konferencií  |2 SNKPH  |9 70153 
655 7 |a Proceedings of conferences  |2 SNKPHeng  |9 265791 
655 7 |a issue_zb  |2 SNK  |9 276493 
700 1 |a Velichová, Daniela,  |d 1951-  |4 edt  |9 197945 
752 |a Slovensko  |d Bratislava 
852 |a Slovenská národná knižnica 
919 |a 978-80-227-4256-6 
954 |a odborná, vedecká literatúra pôvodná (slovenská)  |2 lita 
954 |a odborná, vedecká literatúra cudzojazyčná (svetová)  |2 lita 
958 |a ART 
958 |a NB 
958 |a OND 
999 |c 934607  |d 936537 
952 |a SNK  |b SNK  |y PREZ  |7 0  |p 17A1140332  |o snkSC 163648  |i snk2015/8785  |8 0  |0 0  |1 0  |4 0  |d 2015-03-12  |f 1  |l 0  |r 2025-08-27 00:00:00  |w 2026-02-24 
952 |a SNK  |b SNK  |y VYP  |7 0  |p 17A1140333  |o snkSC 163648 D1  |i snk2015/8786  |8 0  |0 0  |1 0  |4 0  |d 2015-03-12  |l 0  |r 2026-02-24 08:59:53  |w 2026-02-24